000 00652nas a2200229 4500
001 BR8200788
003 BR-BrBNA
005 20231205085024.0
007 ta
008 230509b bl.|||p| |||| 00| 00por d
040 _aBR-BrBNA
_bpor
_cBiblioteca Nacional de Agricultura
041 _a(Pt)
072 _aN20
100 1 _aPereira, P.M.
245 1 _aA ordenha mecanica [Equipamento rural; Gado leiteiro]
650 _aORDENHADEIRA
650 _aGADO LEITEIRO
650 _aORDENHA
773 0 _tGranja (Brazil)
_xISSN 0367-505X
_g(Jan 1982), v. 37(408) p. 14-15
_wBR8200788
909 _a202311
_bLúcia
_c55
_dLúcia Elande
942 _2AGRIS
_n0
_cANA
999 _c108717
_d108717